000 01765nam0a22003371 4500
001 rc\2116063
005 20260407191907.0
035 _a(NLR Aleph) 008759204
090 _a7854897
_c7854897
100 _a20110829d1978 |||y0rusy50 ca
101 0 _arus
102 _aRU
105 _aa z |||||
200 1 _aАвтоматизированная информационно-измерительная система учета и контроля электроэнергии ИИСЭ1-48
_eтехническая информация
_fБелорус. фил. Гос. НИИ им. Г.М. Кржижановского. Вильнюс. з-д электроизмер. техники
205 _a4-е изд., доп.
210 _aВильнюс
_cЭкспериментальное художественно-конструкторское бюро
_d1978
215 _a15 с.
_cил.
_d29
606 1 _aЭлектрическая энергия
_xИзмерение
_91984687
_3RU\NLR\AUTH\661196496
606 1 _aЭлектроизмерительные приборы автоматические
_92152355
_3RU\NLR\AUTH\661296059
686 0 _aЗ280.7-5-082.01я82
_2rubbk
711 0 2 _aВильнюсский завод электроизмерительной техники
_3RU\NLR\AUTH\8810125153
_9747770
712 0 2 _aЭнергетический институт им. Г. М. Кржижановского
_cМосква
_bБелорусский филиал
_3RU\NLR\AUTH\889932485
_9360260
801 1 _aRU
_bELAR
_2rusmarc
801 0 _aRU
_bNLR
_gpsbo
801 2 _aRU
_bNLR
_c20111212
_2rusmarc
852 _aNLR
_j79-8/841
852 _aNLR
_j78-8/699
899 _aRuMoRGB
_jM 78-13/102
899 _aRuMoRGB
_jM 78-13/103
942 _cBOOK
980 _aNB